<?xml version="1.0" encoding="UTF-8"?>
<collection xmlns="http://www.loc.gov/MARC21/slim">
 <record>
  <leader>02531nam a2200253 a 4500</leader>
  <controlfield tag="001">1/44727</controlfield>
  <controlfield tag="008">140627s2000    us            001 0 eng  </controlfield>
  <datafield tag="020" ind1=" " ind2=" ">
   <subfield code="a">9781928994145</subfield>
  </datafield>
  <datafield tag="020" ind1=" " ind2=" ">
   <subfield code="a">1928994148</subfield>
  </datafield>
  <datafield tag="035" ind1=" " ind2=" ">
   <subfield code="l">47681</subfield>
  </datafield>
  <datafield tag="040" ind1=" " ind2=" ">
   <subfield code="a">OPELS</subfield>
   <subfield code="b">eng</subfield>
   <subfield code="c">OPELS</subfield>
   <subfield code="d">OPELS</subfield>
   <subfield code="d">OCLCQ</subfield>
   <subfield code="d">ZMC</subfield>
   <subfield code="d">OCLCQ</subfield>
   <subfield code="d">OCLCF</subfield>
   <subfield code="d">GR-PeUP</subfield>
  </datafield>
  <datafield tag="245" ind1="0" ind2="0">
   <subfield code="a">Configuring Cisco AVVID</subfield>
   <subfield code="h">[electronic resource].</subfield>
  </datafield>
  <datafield tag="260" ind1=" " ind2=" ">
   <subfield code="a">Rockland, Mass. :</subfield>
   <subfield code="b">Syngress Media ;</subfield>
   <subfield code="a">London :</subfield>
   <subfield code="b">Harcourt Brace (distributor),</subfield>
   <subfield code="c">c2000.</subfield>
  </datafield>
  <datafield tag="300" ind1=" " ind2=" ">
   <subfield code="a">1 online resource (xxii, 347 p.) :</subfield>
   <subfield code="b">ill.</subfield>
  </datafield>
  <datafield tag="505" ind1="0" ind2="0">
   <subfield code="t">An Introduction to AVVID Technology --</subfield>
   <subfield code="t">An Overview of AVVID Hardware Solutions --</subfield>
   <subfield code="t">Migrating Your Network to AVVID Technologies --</subfield>
   <subfield code="t">Configuring Cisco CallManager --</subfield>
   <subfield code="t">Utilizing AVVID Applications and Software Solutions --</subfield>
   <subfield code="t">Utilizing Unified Messaging and Active Voice --</subfield>
   <subfield code="t">Design Considerations in a WAN/Campus Environment --</subfield>
   <subfield code="t">The Cisco AVVID Fast Track --</subfield>
   <subfield code="g">Appendix:</subfield>
   <subfield code="t">Optimizing Network Performance with Queuing and Compression</subfield>
  </datafield>
  <datafield tag="520" ind1=" " ind2=" ">
   <subfield code="a">What is AVVID? Previously called Configuring Cisco Communications Networks (CCN), Architecture for Voice, Video, and Integrated Data (AVVID) is the latest development from Cisco Systems that will soon redefine the way businesses communicate. AVVID allows businesses to transmit voice, data, and video over one combined architecture, whereas in the past, three separate systems were required. Configuring Cisco AVVID will be the first book to discuss the components of the AVVID architecture and will be timed to release with the launch of the technology in early 2000. A practical guide to the AVVID technology this book will include an introduction to AVVID, and its software, hardware, network architecture, installation, operation and configuration. Topics include CallManager, Cisco Gateways, and IPCC (Cisco IP Contact Center). * The first book to discuss the components of this important new technology * Practical guide; many engineers will find this a great source of AVVID product knowledge * Cisco is planning to launch AVVID hardware and software in Spring 2000 - demand is already high for information * Book will be timed to release with technology.</subfield>
  </datafield>
  <datafield tag="500" ind1=" " ind2=" ">
   <subfield code="a">Includes index.</subfield>
  </datafield>
  <datafield tag="650" ind1=" " ind2="4">
   <subfield code="a">Computer network architectures.</subfield>
  </datafield>
  <datafield tag="655" ind1=" " ind2="4">
   <subfield code="a">Electronic books.</subfield>
  </datafield>
  <datafield tag="710" ind1="2" ind2=" ">
   <subfield code="a">Syngress Media, Inc.</subfield>
  </datafield>
  <datafield tag="852" ind1=" " ind2=" ">
   <subfield code="a">INST</subfield>
   <subfield code="b">UNIPILB</subfield>
   <subfield code="c">EBOOKS</subfield>
   <subfield code="e">20140627</subfield>
   <subfield code="p">00b47681</subfield>
   <subfield code="q">00b47681</subfield>
   <subfield code="t">ONLINE</subfield>
   <subfield code="y">0</subfield>
  </datafield>
  <datafield tag="856" ind1="4" ind2="0">
   <subfield code="3">ScienceDirect</subfield>
   <subfield code="u">http://www.sciencedirect.com/science/book/9781928994145</subfield>
  </datafield>
  <datafield tag="856" ind1="4" ind2=" ">
   <subfield code="d">/webopac/covers/03/47681_9781928994145.jpg</subfield>
  </datafield>
  <datafield tag="856" ind1="4" ind2=" ">
   <subfield code="d">/webopac/covers/03/47681_1928994148.jpg</subfield>
  </datafield>
 </record>
</collection>
